000 00605nam a2200229Ia 4500
003 OSt
005 20221007075149.0
006 a|||||r|||| 00| 0
007 ta
008 221006b |||||||| |||| 00| 0 eng d
024 _a18,035
037 _cTextual
040 _aFLL
_cFLL
_beng
041 _2eng
_aeng
082 _aY5.277:N7, M0
100 _aChauhan S.K. Au.
_9693578
245 0 _aCaste status and power
260 _aNew Delhi
_bClassical Pub. India
_c1980
300 _a168P
_ccm.
942 _hY5.277:N7, M0
_cTEXL
_2CC
999 _c1155042
_d1155042